Las ofertas públicas de venta de valores negociables
Αποθηκεύτηκε σε:
| Κύριος συγγραφέας: | |
|---|---|
| Μορφή: | Βιβλίο |
| Γλώσσα: | Ισπανικά |
| Έκδοση: |
Madrid
Dykinson
1997
|
| Θέματα: | |
| Ετικέτες: |
Προσθήκη ετικέτας
Δεν υπάρχουν, Καταχωρήστε ετικέτα πρώτοι!
|
MARC
| LEADER | 00000nam a2200000 a 4500 | ||
|---|---|---|---|
| 001 | UCP3181 | ||
| 003 | CL-VaPUC | ||
| 008 | 990611e19970000SP |||||||||||||||||spa|d | ||
| 082 | 0 | 4 | |a 346.09 |b CAC |2 21 |
| 100 | 0 | |a Cachón Blanco, José Enrique |e author |9 430391 | |
| 245 | 1 | 4 | |a Las ofertas públicas de venta de valores negociables |
| 300 | |a 452 p | ||
| 942 | |c BK | ||
| 945 | |d 19990611 00:00:00 |a vberengu | ||
| 260 | |a Madrid |b Dykinson |c 1997 | ||
| 650 | 0 | |a Venta de valores |9 391716 | |
| 650 | 0 | |a Valores negociables |9 391715 | |
| 650 | 7 | |a LEGISLACION ECONOMICA |2 CL-VaPUC |9 359033 | |
| 650 | 0 | |a Valor económico |9 352307 | |
| 651 | 0 | |a España |9 254926 | |
| 583 | |a last modification |c 19990611 00:00:00 |k Rodrigo Vera | ||
| 999 | |c 281602 |d 281600 | ||
| 952 | |0 0 |1 0 |4 0 |6 346_090000000000000_CAC_1997 |7 0 |8 A |9 322465 |a BIBDER |b BIBDER |d 2019-11-20 |i 3498190 |o 346.09 CAC 1997 |p 3498190 |r 2023-01-25 |w 2019-11-20 |y BK |k DER | ||